| 000 | 00889nam a2200241 i 4500 | ||
|---|---|---|---|
| 001 | bg | ||
| 245 | 0 | 0 | _aSamorząd gospodarczy jako partner firm w akcesji do Unii Europejskiej. |
| 260 |
_aWarszawa : _bUrząd Komitetu Integracji Europejskiej, _c2001. |
||
| 300 |
_a59, [1] s. : _bil. ; _c24 cm. |
||
| 490 | 1 | _aPrawo Unii Europejskiej na co Dzień. Przedsiębiorca w Unii Europejskiej | |
| 500 | _aNumeracja serii gł.: 7. | ||
| 650 | 9 |
_aIzby gospodarcze _xkraje Unii Europejskiej |
|
| 650 | 9 |
_aPrzedsiębiorcy _zPolska _yod 1989 r. |
|
| 650 | 9 |
_aSamorząd gospodarczy _zPolska _yod 1989 r. |
|
| 830 | 0 |
_aPrawo Unii Europejskiej na co Dzień. _pPrzedsiębiorca w Unii Europejskiej |
|
| 020 | _a8387913138 | ||
| 040 | _cBPK | ||
| 041 | 0 | _apol | |
| 080 | _a334.788:316.343.653](438)"1989/..." | ||
| 920 | _a83-87913-13-8 | ||
| 942 | _cKS | ||
| 008 | s pl f |000 0 pol | ||
| 999 |
_c42608 _d42608 |
||
| 856 |
_uhttp://koha.tu.koszalin.pl/cgi-bin/koha/opac-detail.pl?biblionumber=42608 _yKatalog online BPK |
||